Reforming Higher Education : Public Policy Design and Implementation /

Guardado en:
Detalles Bibliográficos
Autor principal: Musselin, Christine (edición)
Otros autores: Teixeira, Pedro N. (edición) (edición)
Formato: Libro
Idioma:Inglés
Publicado: Dordrecht, Holanda : Springer, 2014, c2014
Colección:(Higher Education Dynamics ; 41)
Temas:
Acceso en línea:Ver documento en línea
Etiquetas: Agrega una etiqueta
Sin etiquetas, Sé el primero en etiquetar este registro!

MARC

LEADER 00000nam^a2200000^a^4500
001 000420292
005 20251023000000.0
009 20260310122506.208
020 |a 978-94-007-7028-7 
037 |a Acervo ITESO - Biblioteca 
041 |a ING 
082 |a 379. 2  |b MUS 
100 |a Musselin, Christine  |e (edición) 
245 1 0 |a Reforming Higher Education :  |b Public Policy Design and Implementation /  |c Ed. de C. Musselin, P.N. Teixeira. 
264 4 |a Dordrecht, Holanda :  |b Springer,  |c 2014, c2014 
264 2 |a Cham, Suiza :  |b Springer Link [distribución],  |c 2014, c2014 
300 |a 1 libro electrónico en línea (VI, 233 p.) 
300 |a 1 recurso en línea 
336 |a datos para computadora  |b cod  |2 rdacontenido 
337 |a computadora  |b c  |2 rdamedio 
338 |a recurso en línea  |b cr  |2 rdasoporte 
440 1 |a (Higher Education Dynamics ;  |v 41) 
506 0 |a Licencias ilimitadas 
649 |a XX 
650 |a Universidades -  |z Suiza 
650 |a Universidades -  |z Alemania 
650 |a Gobernanza 
650 |a Estudios de Posgrado 
650 |a Reforma Educativa -  |z Italia 
650 |a Reforma Educativa -  |z Canadá 
650 |a Investigación Educativa -  |z Inglaterra 
650 |a Políticas Públicas 
650 |a Política Educativa 
650 |a Educación Comparada 
650 |a Educación Pública -  |z Portugal 
650 |a Educación Superior -  |z Canadá 
650 |a Educación Superior -  |z Portugal 
650 |a Educación Superior -  |x Tema Principal 
650 |a Educación y Política 
650 |a Educación y Estado 
700 |a Teixeira, Pedro N.  |e (edición) 
856 4 0 |u https://link-springer-com.ezproxy.iteso.mx/10.1007/978-94-007-7028-7  |y Ver documento en línea 
910 |a Fondo General 
920 |a Electrónicos - Libros en Línea 
930 |a Plataforma Digital 
905 |a 205 
901 |a 420292-1  |b IT2  |c EBO  |i C172346  |u 20250521 
902 |a https://opac.biblio.iteso.mx/vufind/Record/000420292